|
|
|
|
| LEADER |
006390000a22002290004500 |
| 020 |
|
|
|a 0-330-23782-9
|
| 082 |
|
|
|a 926.36 HER L3
|
| 100 |
|
|
|a Herriot, James; Author
|
| 245 |
|
|
|a It shouldn`t happen to a vet
|
| 250 |
|
|
|
| 260 |
|
|
|a London, Pan Books
|
| 260 |
|
|
|c 1973
|
| 460 |
|
|
|a 228p
|
| 465 |
|
|
|a GBP3.25
|
| 500 |
|
|
|a James Herriot
|
| 650 |
|
|
|a Biography
|
| 650 |
|
|
|a Herriot, James
|
| 650 |
|
|
|a Veterinarians
|
| 650 |
|
|
|a Veterinary medicine
|
| 942 |
|
|
|c BK
|
| 999 |
|
|
|c 35077
|d 35077
|
| 952 |
|
|
|0 0
|1 0
|4 0
|6 926_360000000000000_HER_L3
|7 0
|8 ENG
|9 35445
|a MGUL
|b MGUL
|d 2013-07-16
|e GBP3.25
|l 0
|o 926.36 HER L3
|p 35143
|r 2013-07-16
|w 2013-07-16
|y BK
|